00564nam a2200193Ia 4500008004100000041000800041082001400049100002400063245004000087250000800127260002700135300000800162365000700170500001200177520000700189650001800196999002100214952013500235240515s2024 xx 000 0 und d aeng a615.1/HAJ aDr. Ashok A. Hajare aA Practical Book of Pharmaceutics-I a9th bNirali Prakashanc2024 a10p cRS aB.Pharm aBV aPharmaceutics c1164763d1164763 00104070aCPPbCPPc7d2024-03-31eB.M.S.G.B.Ltd Puneg120.00l0o615.1/HAJpBP-853r2024-05-23 00:00:00v120.00w2024-05-23yBP